Statistics for harry Potter quotes movie and book pt 2

Click here to take the quiz!

General Stats

  • This quiz has been taken 15 times
  • The average score is 25 of 40

Answer Stats

HintAnswer% Correct
think we’ve outgrown full-time educationFred Weasley
100%
Are you insane? Of course I want to leave the Dursleys! Have you got a house? When can I move in?Harry Potter
100%
There will be no foolish wand-waving or silly incantations in this class.Severus Snape
100%
If there is one thing Voldemort can't understand, it is love.Albus Dumbledore
91%
Give her hell from us Peeves.George Weasley
91%
Your sons flew that car to Harry's house and back last night.Molly Weasley
91%
Troll — in the dungeonsQuirinus Quirrel
91%
I want to commit the murder I was imprisoned forSirius Black
91%
Professor Kettleburn, our Care of Magical Creatures teacher, retired at the end of last year in order to enjoy more time with his remaining limbsAlbus Dumbledore
82%
of course its all happening inside your headAlbus Dumbledore
82%
suppose she thinks you don’t forget your name. But we’re not stupid — we know we’re called Gred and ForgeGeorge Weasley
82%
You should write a book, translating mad things girls do so boys can understand themRon Weasley
82%
You think the dead we loved truly ever leave us? You think that we don’t recall them more clearly in times of great trouble?Albus Dumbledore
73%
saintlikeGeorge Weasley
73%
Things we lose have a way of coming back to us in the endLuna Lovegood
73%
Well, you can’t break an Unbreakable VowRon Weasley
73%
Six years to the day we met, Harry, d’yeh remember itRubeus Hagrid
73%
Funny way to get to a wizards’ school, the train. Magic carpets all got punctures, have they?Vernon Dursley
73%
It matters not what someone is born, but what they grow to beAlbus Dumbledore
64%
There might be a couple of people fifty miles away who didn’t hear youFred Weasley
64%
Amazing! Amazing! This is just like magic!Gilderoy Lockhart
64%
Probably that you're going to be eaten by a giant marshmallow or somethingHarry Potter
64%
Untill the very endJames Potter
64%
Don't let the muggles get you downRon Weasley
64%
Because I want to fix that in my memory for ever. Draco Malfoy, the amazing bouncing ferretRon weasley
64%
I am the true master of the Elder WandHarry Potter
55%
it unscrews the other way,Minerva Mcgonagall
55%
Godfather!, You haven't got a godfather!Vernon Dursley
55%
Twitchy little ferret aren't you Malfoy?Hermione Granger
45%
Well, it changes every day, you seeHarry Potter
36%
Every human life is worth the same, and worth savingKingsley Shacklebolt
36%
That’s the spirit, deara mirror
27%
He’s doing you know what!Dudley Dursley
27%
Dumbledore says people find it far easier to forgive others for being wrong than being rightHermione Granger
27%
Wit beyond measure is man’s greatest treasureLuna Lovegood
27%
Go naked. And, Harry, make sure you get a picture of him. Goodness knows I could do with a laughMolly Weasley
27%
All right, thenAngelina Johnson
18%
You seem to be drowning twiceHermione Granger
18%
What’s that, an illnessRon weasley
18%
Both buttocks still onTonks
18%

Score Distribution

Percentile by Number Answered

Percent of People with Each Score

Your Score History

You have not taken this quiz